[Event "DEM U12w 2025"]
[Site "Willingen GER"]
[Date "2025.06.08"]
[Round "1"]
[White "Gubler, Sarah"]
[Black "Subocz, Emma"]
[Result "1-0"]
[Termination "normal"]
[Board "11"]
[WhiteElo "1742"]
[BlackElo "1270"]
[WhiteClock "00:35:07"]
[BlackClock "01:10:17"]
[PlyCount "65"]
[WhiteFideId "533040699"]
[BlackFideId "41805666"]
[EventCountry "GER"]
[EventRounds "9"]
[EventType "swiss"]
[EventDate "2025.06.07"]

1. e4 {[%clk 01:30:57]} {[%emt 00:00:03]} c5 {[%clk 01:30:54]} {[%emt
00:00:07]} 2. Nf3 {[%clk 01:31:15]} {[%emt 00:00:11]} d6 {[%clk 01:31:18]}
{[%emt 00:00:06]} 3. Bb5+ {[%clk 01:31:31]} {[%emt 00:00:14]} Bd7 {[%clk
01:31:40]} {[%emt 00:00:09]} 4. Bxd7+ {[%clk 01:31:46]} {[%emt 00:00:15]} Qxd7
{[%clk 01:32:02]} {[%emt 00:00:08]} 5. O-O {[%clk 01:31:54]} {[%emt 00:00:22]}
Nc6 {[%clk 01:32:14]} {[%emt 00:00:19]} 6. c3 {[%clk 01:32:08]} {[%emt
00:00:14]} d5 {[%clk 01:32:23]} {[%emt 00:00:21]} 7. e5 {[%clk 01:31:56]}
{[%emt 00:00:42]} d4 {[%clk 01:31:15]} {[%emt 00:01:38]} 8. d3 {[%clk
01:30:12]} {[%emt 00:02:15]} g6 {[%clk 01:31:05]} {[%emt 00:00:39]} 9. c4
{[%clk 01:30:01]} {[%emt 00:00:42]} Bg7 {[%clk 01:31:09]} {[%emt 00:00:25]} 10.
Re1 {[%clk 01:30:01]} {[%emt 00:00:28]} Nh6 {[%clk 01:29:04]} {[%emt 00:02:36]}
11. Bxh6 {[%clk 01:29:12]} {[%emt 00:01:19]} Bxh6 {[%clk 01:29:24]} {[%emt
00:00:12]} 12. Nbd2 {[%clk 01:28:40]} {[%emt 00:01:00]} O-O {[%clk 01:28:23]}
{[%emt 00:01:32]} 13. Ne4 {[%clk 01:27:42]} {[%emt 00:01:26]} b6 {[%clk
01:26:37]} {[%emt 00:02:19]} 14. Ng3 {[%clk 01:27:00]} {[%emt 00:01:10]} Bg7
{[%clk 01:25:39]} {[%emt 00:01:29]} 15. Qe2 {[%clk 01:25:43]} {[%emt 00:01:45]}
e6 {[%clk 01:21:50]} {[%emt 00:04:22]} 16. Rad1 {[%clk 01:22:36]} {[%emt
00:03:36]} Rad8 {[%clk 01:18:15]} {[%emt 00:04:05]} 17. h4 {[%clk 01:19:07]}
{[%emt 00:03:59]} h5 {[%clk 01:18:15]} {[%emt 00:00:30]} 18. a3 {[%clk
01:17:58]} {[%emt 00:01:39]} a5 {[%clk 01:17:44]} {[%emt 00:01:02]} 19. Ne4
{[%clk 01:00:21]} {[%emt 00:18:06]} Nxe5 {[%clk 01:16:20]} {[%emt 00:01:55]}
20. Nxe5 {[%clk 00:59:24]} {[%emt 00:01:26]} Bxe5 {[%clk 01:12:54]} {[%emt
00:03:56]} 21. Nxc5 {[%clk 00:58:55]} {[%emt 00:01:00]} bxc5 {[%clk 01:12:45]}
{[%emt 00:00:38]} 22. Qxe5 {[%clk 00:59:15]} {[%emt 00:00:09]} Qc6 {[%clk
01:12:03]} {[%emt 00:01:14]} 23. Re4 {[%clk 00:53:49]} {[%emt 00:05:54]} Rb8
{[%clk 01:12:06]} {[%emt 00:00:28]} 24. Rd2 {[%clk 00:52:58]} {[%emt 00:01:20]}
Rfc8 {[%clk 01:11:32]} {[%emt 00:01:05]} 25. Qg5 {[%clk 00:45:09]} {[%emt
00:08:17]} Rb6 {[%clk 01:10:11]} {[%emt 00:01:53]} 26. g4 {[%clk 00:40:17]}
{[%emt 00:05:23]} hxg4 {[%clk 01:09:46]} {[%emt 00:00:54]} 27. h5 {[%clk
00:39:19]} {[%emt 00:01:27]} Kh7 {[%clk 01:09:58]} {[%emt 00:00:19]} 28. hxg6+
{[%clk 00:39:05]} {[%emt 00:00:44]} fxg6 {[%clk 01:10:16]} {[%emt 00:00:13]}
29. Rxg4 {[%clk 00:37:21]} {[%emt 00:02:13]} Rg8 {[%clk 01:10:04]} {[%emt
00:00:42]} 30. f3 {[%clk 00:35:47]} {[%emt 00:02:04]} Qxf3 {[%clk 01:09:42]}
{[%emt 00:00:51]} 31. Rh2+ {[%clk 00:35:51]} {[%emt 00:00:25]} Kg7 {[%clk
01:09:55]} {[%emt 00:00:19]} 32. Qe7+ {[%clk 00:34:47]} {[%emt 00:01:32]} Qf7
{[%clk 01:10:17]} {[%emt 00:00:10]} 33. Rh7+ {[%clk 00:35:07]} {[%emt
00:00:10]} 1-0

[Event "DEM U12w 2025"]
[Site "Willingen GER"]
[Date "2025.06.08"]
[Round "1"]
[White "Hendler, Felicitas"]
[Black "Sobczak, Zuzanna"]
[Result "0-1"]
[Termination "normal"]
[Board "12"]
[WhiteElo "1519"]
[BlackElo "1686"]
[WhiteClock "01:09:35"]
[BlackClock "01:15:39"]
[PlyCount "88"]
[WhiteFideId "34616519"]
[BlackFideId "34670050"]
[EventCountry "GER"]
[EventRounds "9"]
[EventType "swiss"]
[EventDate "2025.06.07"]

1. e4 {[%clk 01:30:42]} {[%emt 00:00:18]} c5 {[%clk 01:30:56]} {[%emt
00:00:05]} 2. Nf3 {[%clk 01:30:47]} {[%emt 00:00:24]} Nc6 {[%clk 01:31:22]}
{[%emt 00:00:04]} 3. d4 {[%clk 01:30:19]} {[%emt 00:00:58]} cxd4 {[%clk
01:31:47]} {[%emt 00:00:06]} 4. Nxd4 {[%clk 01:30:36]} {[%emt 00:00:12]} g6
{[%clk 01:32:12]} {[%emt 00:00:05]} 5. Nc3 {[%clk 01:30:06]} {[%emt 00:01:00]}
Bg7 {[%clk 01:32:35]} {[%emt 00:00:07]} 6. Be3 {[%clk 01:28:59]} {[%emt
00:01:37]} d6 {[%clk 01:32:57]} {[%emt 00:00:08]} 7. Bb5 {[%clk 01:28:04]}
{[%emt 00:01:26]} Bd7 {[%clk 01:33:17]} {[%emt 00:00:09]} 8. Qd2 {[%clk
01:27:58]} {[%emt 00:00:36]} Nf6 {[%clk 01:33:28]} {[%emt 00:00:19]} 9. f3
{[%clk 01:27:21]} {[%emt 00:01:07]} O-O {[%clk 01:33:41]} {[%emt 00:00:16]} 10.
O-O-O {[%clk 01:26:35]} {[%emt 00:01:16]} a6 {[%clk 01:33:41]} {[%emt
00:00:31]} 11. Ba4 {[%clk 01:25:07]} {[%emt 00:01:58]} b5 {[%clk 01:32:22]}
{[%emt 00:01:49]} 12. Bb3 {[%clk 01:24:52]} {[%emt 00:00:45]} Na5 {[%clk
01:25:21]} {[%emt 00:07:31]} 13. Bh6 {[%clk 01:20:14]} {[%emt 00:05:07]} Nxb3+
{[%clk 01:22:09]} {[%emt 00:03:43]} 14. Nxb3 {[%clk 01:20:30]} {[%emt
00:00:14]} a5 {[%clk 01:22:08]} {[%emt 00:00:31]} 15. g4 {[%clk 01:20:02]}
{[%emt 00:00:58]} a4 {[%clk 01:21:01]} {[%emt 00:01:37]} 16. Nd4 {[%clk
01:20:06]} {[%emt 00:00:25]} b4 {[%clk 01:21:22]} {[%emt 00:00:10]} 17. Bxg7
{[%clk 01:19:40]} {[%emt 00:00:55]} bxc3 {[%clk 01:21:25]} {[%emt 00:00:28]}
18. bxc3 {[%clk 01:19:37]} {[%emt 00:00:32]} Kxg7 {[%clk 01:21:48]} {[%emt
00:00:07]} 19. h4 {[%clk 01:19:26]} {[%emt 00:00:42]} h5 {[%clk 01:20:48]}
{[%emt 00:01:29]} 20. gxh5 {[%clk 01:19:24]} {[%emt 00:00:31]} Nxh5 {[%clk
01:21:01]} {[%emt 00:00:19]} 21. Rhg1 {[%clk 01:18:38]} {[%emt 00:01:14]} Qa5
{[%clk 01:19:14]} {[%emt 00:02:19]} 22. Rg5 {[%clk 01:17:35]} {[%emt 00:01:32]}
Qb6 {[%clk 01:14:53]} {[%emt 00:04:53]} 23. Rdg1 {[%clk 01:16:30]} {[%emt
00:01:33]} Kh7 {[%clk 01:14:22]} {[%emt 00:01:02]} 24. Qg2 {[%clk 01:16:10]}
{[%emt 00:00:50]} Nf4 {[%clk 01:13:39]} {[%emt 00:01:13]} 25. Qg3 {[%clk
01:15:48]} {[%emt 00:00:51]} Qxd4 {[%clk 01:12:57]} {[%emt 00:01:12]} 26. Qxf4
{[%clk 01:14:06]} {[%emt 00:02:12]} Qf6 {[%clk 01:13:12]} {[%emt 00:00:17]} 27.
Qg3 {[%clk 01:13:53]} {[%emt 00:00:41]} e5 {[%clk 01:12:15]} {[%emt 00:01:24]}
28. h5 {[%clk 01:13:28]} {[%emt 00:00:59]} Qf4+ {[%clk 01:12:02]} {[%emt
00:00:43]} 29. Qxf4 {[%clk 01:13:38]} {[%emt 00:00:20]} exf4 {[%clk 01:12:24]}
{[%emt 00:00:08]} 30. hxg6+ {[%clk 01:13:53]} {[%emt 00:00:14]} fxg6 {[%clk
01:12:41]} {[%emt 00:00:14]} 31. Rxg6 {[%clk 01:14:06]} {[%emt 00:00:16]} Rg8
{[%clk 01:12:42]} {[%emt 00:00:30]} 32. Rxg8 {[%clk 01:13:21]} {[%emt
00:01:15]} Rxg8 {[%clk 01:13:04]} {[%emt 00:00:08]} 33. Rxg8 {[%clk 01:13:18]}
{[%emt 00:00:33]} Kxg8 {[%clk 01:13:28]} {[%emt 00:00:06]} 34. Kd2 {[%clk
01:13:35]} {[%emt 00:00:12]} Kf7 {[%clk 01:13:49]} {[%emt 00:00:10]} 35. c4
{[%clk 01:13:48]} {[%emt 00:00:16]} Ke6 {[%clk 01:13:57]} {[%emt 00:00:22]} 36.
Kd3 {[%clk 01:13:48]} {[%emt 00:00:31]} Ke5 {[%clk 01:14:16]} {[%emt 00:00:11]}
37. c3 {[%clk 01:13:42]} {[%emt 00:00:36]} Bh3 {[%clk 01:14:13]} {[%emt
00:00:33]} 38. Ke2 {[%clk 01:13:43]} {[%emt 00:00:28]} Ke6 {[%clk 01:14:29]}
{[%emt 00:00:15]} 39. Kd3 {[%clk 01:13:36]} {[%emt 00:00:36]} Bg2 {[%clk
01:14:05]} {[%emt 00:00:55]} 40. Ke2 {[%clk 01:12:39]} {[%emt 00:01:27]} Kd7
{[%clk 01:14:17]} {[%emt 00:00:17]} 41. Kf2 {[%clk 01:10:25]} {[%emt 00:02:45]}
Bh3 {[%clk 01:14:35]} {[%emt 00:00:12]} 42. Ke2 {[%clk 01:10:19]} {[%emt
00:00:36]} Kc6 {[%clk 01:14:58]} {[%emt 00:00:07]} 43. Kd3 {[%clk 01:10:17]}
{[%emt 00:00:32]} Kc5 {[%clk 01:15:22]} {[%emt 00:00:07]} 44. e5 {[%clk
01:09:35]} {[%emt 00:01:11]} Bf5+ {[%clk 01:15:39]} {[%emt 00:00:12]} 0-1

[Event "DEM U12w 2025"]
[Site "Willingen GER"]
[Date "2025.06.08"]
[Round "1"]
[White "Artemenko, Isabella"]
[Black "Sniegowski, Victoria"]
[Result "1-0"]
[Termination "normal"]
[Board "13"]
[WhiteElo "1652"]
[BlackElo "1525"]
[WhiteClock "00:43:46"]
[BlackClock "00:46:40"]
[PlyCount "33"]
[WhiteFideId "34639616"]
[BlackFideId "34675612"]
[EventCountry "GER"]
[EventRounds "9"]
[EventType "swiss"]
[EventDate "2025.06.07"]

1. e4 {[%clk 01:30:59]} e5 {[%clk 01:30:53]} {[%emt 00:00:08]} 2. Nf3 {[%clk
01:31:24]} {[%emt 00:00:04]} Nf6 {[%clk 01:31:08]} {[%emt 00:00:16]} 3. Nxe5
{[%clk 01:31:47]} {[%emt 00:00:06]} d6 {[%clk 01:31:28]} {[%emt 00:00:10]} 4.
Nf3 {[%clk 01:32:13]} {[%emt 00:00:04]} Nxe4 {[%clk 01:31:54]} {[%emt
00:00:04]} 5. d4 {[%clk 01:32:40]} {[%emt 00:00:03]} d5 {[%clk 01:32:15]}
{[%emt 00:00:09]} 6. Bd3 {[%clk 01:33:04]} {[%emt 00:00:06]} Bd6 {[%clk
01:32:28]} {[%emt 00:00:17]} 7. O-O {[%clk 01:33:14]} {[%emt 00:00:20]} O-O
{[%clk 01:32:39]} {[%emt 00:00:18]} 8. c4 {[%clk 01:33:37]} {[%emt 00:00:08]}
c6 {[%clk 01:32:36]} {[%emt 00:00:33]} 9. Qc2 {[%clk 01:33:43]} {[%emt
00:00:24]} Nf6 {[%clk 01:23:38]} {[%emt 00:09:28]} 10. c5 {[%clk 01:14:03]}
{[%emt 00:20:10]} Bc7 {[%clk 01:22:12]} {[%emt 00:01:56]} 11. Bg5 {[%clk
01:10:00]} {[%emt 00:04:33]} g6 {[%clk 01:18:54]} {[%emt 00:03:48]} 12. Ne5
{[%clk 01:06:15]} {[%emt 00:04:15]} Be6 {[%clk 01:09:39]} {[%emt 00:09:46]} 13.
f4 {[%clk 00:59:04]} {[%emt 00:07:41]} Kg7 {[%clk 00:57:33]} {[%emt 00:12:36]}
14. f5 {[%clk 00:45:39]} {[%emt 00:13:54]} Bd7 {[%clk 00:55:04]} {[%emt
00:02:58]} 15. Ng4 {[%clk 00:44:02]} {[%emt 00:02:07]} Qe8 {[%clk 00:47:24]}
{[%emt 00:08:11]} 16. Bh6+ {[%clk 00:43:20]} {[%emt 00:01:13]} Kg8 {[%clk
00:46:40]} {[%emt 00:01:13]} 17. Nxf6+ {[%clk 00:43:46]} {[%emt 00:00:04]} 1-0

[Event "DEM U12w 2025"]
[Site "Willingen GER"]
[Date "2025.06.08"]
[Round "1"]
[White "Ulianova, Anna"]
[Black "Heidtkamp, Anna"]
[Result "0-1"]
[Termination "normal"]
[Board "14"]
[WhiteElo "1440"]
[BlackElo "1555"]
[WhiteClock "00:35:25"]
[BlackClock "00:13:51"]
[PlyCount "68"]
[WhiteFideId "34682660"]
[BlackFideId "16269012"]
[EventCountry "GER"]
[EventRounds "9"]
[EventType "swiss"]
[EventDate "2025.06.07"]

1. d4 {[%clk 01:30:58]} {[%emt 00:00:01]} d5 {[%clk 01:30:56]} {[%emt
00:00:05]} 2. c4 {[%clk 01:31:24]} {[%emt 00:00:04]} e6 {[%clk 01:31:22]}
{[%emt 00:00:03]} 3. Nc3 {[%clk 01:31:48]} {[%emt 00:00:06]} Nf6 {[%clk
01:31:46]} {[%emt 00:00:06]} 4. Bg5 {[%clk 01:32:08]} {[%emt 00:00:11]} Be7
{[%clk 01:32:11]} {[%emt 00:00:05]} 5. e3 {[%clk 01:32:20]} {[%emt 00:00:18]}
Nbd7 {[%clk 01:32:18]} {[%emt 00:00:22]} 6. Nf3 {[%clk 01:32:04]} b6 {[%clk
01:30:25]} {[%emt 00:03:09]} 7. cxd5 {[%clk 01:31:57]} exd5 {[%clk 01:30:31]}
{[%emt 00:01:01]} 8. Ne5 {[%clk 01:24:29]} {[%emt 00:07:58]} Nxe5 {[%clk
00:59:58]} {[%emt 00:31:03]} 9. dxe5 {[%clk 01:24:28]} {[%emt 00:00:31]} Ng8
{[%clk 00:48:56]} {[%emt 00:11:31]} 10. Bxe7 {[%clk 01:20:34]} {[%emt
00:04:24]} Nxe7 {[%clk 00:49:04]} {[%emt 00:00:23]} 11. Qc2 {[%clk 01:20:23]}
{[%emt 00:00:41]} O-O {[%clk 00:46:39]} {[%emt 00:02:55]} 12. Bd3 {[%clk
01:14:03]} {[%emt 00:06:50]} Ng6 {[%clk 00:42:50]} {[%emt 00:04:19]} 13. O-O-O
{[%clk 01:04:51]} {[%emt 00:09:42]} c6 {[%clk 00:38:21]} {[%emt 00:05:00]} 14.
f4 {[%clk 01:02:42]} {[%emt 00:02:39]} Qe8 {[%clk 00:27:38]} {[%emt 00:11:13]}
15. g3 {[%clk 00:57:56]} {[%emt 00:05:16]} f6 {[%clk 00:24:20]} {[%emt
00:03:48]} 16. Bxg6 {[%clk 00:57:20]} {[%emt 00:01:06]} hxg6 {[%clk 00:23:38]}
{[%emt 00:01:12]} 17. Rde1 {[%clk 00:52:47]} {[%emt 00:05:02]} fxe5 {[%clk
00:20:04]} {[%emt 00:04:04]} 18. fxe5 {[%clk 00:52:48]} {[%emt 00:00:29]} Bf5
{[%clk 00:18:59]} {[%emt 00:01:36]} 19. Qe2 {[%clk 00:49:38]} {[%emt 00:03:39]}
Qxe5 {[%clk 00:18:55]} {[%emt 00:00:34]} 20. g4 {[%clk 00:47:04]} {[%emt
00:03:04]} Be4 {[%clk 00:18:44]} {[%emt 00:00:41]} 21. Nxe4 {[%clk 00:43:13]}
{[%emt 00:04:21]} Qxe4 {[%clk 00:19:07]} {[%emt 00:00:06]} 22. h4 {[%clk
00:40:46]} {[%emt 00:02:58]} Rae8 {[%clk 00:16:52]} {[%emt 00:02:45]} 23. Rh3
{[%clk 00:38:56]} {[%emt 00:02:19]} Qc4+ {[%clk 00:16:15]} {[%emt 00:01:09]}
24. Qxc4 {[%clk 00:38:30]} {[%emt 00:00:56]} dxc4 {[%clk 00:16:39]} {[%emt
00:00:05]} 25. h5 {[%clk 00:38:19]} {[%emt 00:00:40]} gxh5 {[%clk 00:16:46]}
{[%emt 00:00:24]} 26. Rxh5 {[%clk 00:38:20]} {[%emt 00:00:29]} Re4 {[%clk
00:14:05]} {[%emt 00:03:11]} 27. g5 {[%clk 00:37:15]} {[%emt 00:01:35]} Rf3
{[%clk 00:12:52]} {[%emt 00:01:43]} 28. Kd2 {[%clk 00:37:17]} {[%emt 00:00:28]}
Rg3 {[%clk 00:12:27]} {[%emt 00:00:56]} 29. b3 {[%clk 00:34:09]} {[%emt
00:03:38]} cxb3 {[%clk 00:12:29]} {[%emt 00:00:27]} 30. axb3 {[%clk 00:34:27]}
{[%emt 00:00:12]} Re5 {[%clk 00:12:45]} {[%emt 00:00:14]} 31. Kd3 {[%clk
00:34:29]} Rgxg5 {[%clk 00:13:05]} {[%emt 00:00:38]} 32. Rxg5 {[%clk 00:34:52]}
Rxg5 {[%clk 00:13:31]} {[%emt 00:00:12]} 33. e4 {[%clk 00:35:11]} Kf7 {[%clk
00:13:28]} {[%emt 00:00:43]} 34. e5 {[%clk 00:35:25]} Ke6 {[%clk 00:13:51]}
{[%emt 00:00:23]} 0-1

[Event "DEM U12w 2025"]
[Site "Willingen GER"]
[Date "2025.06.08"]
[Round "1"]
[White "Bayer, Klara"]
[Black "Vasilieva, Victoria"]
[Result "1-0"]
[Termination "normal"]
[Board "15"]
[WhiteElo "1678"]
[BlackElo "1554"]
[WhiteClock "00:35:01"]
[BlackClock "00:39:53"]
[PlyCount "89"]
[WhiteFideId "34658955"]
[BlackFideId "533007071"]
[EventCountry "GER"]
[EventRounds "9"]
[EventType "swiss"]
[EventDate "2025.06.07"]

1. d4 {[%clk 01:30:57]} {[%emt 00:00:02]} d5 {[%clk 01:30:48]} {[%emt
00:00:13]} 2. c4 {[%clk 01:31:18]} {[%emt 00:00:08]} c6 {[%clk 01:31:11]}
{[%emt 00:00:08]} 3. cxd5 {[%clk 01:31:41]} {[%emt 00:00:06]} cxd5 {[%clk
01:31:21]} {[%emt 00:00:20]} 4. Nc3 {[%clk 01:32:04]} {[%emt 00:00:07]} Nf6
{[%clk 01:31:26]} {[%emt 00:00:25]} 5. Nf3 {[%clk 01:32:26]} {[%emt 00:00:08]}
Nc6 {[%clk 01:31:15]} {[%emt 00:00:42]} 6. Bf4 {[%clk 01:32:34]} {[%emt
00:00:20]} e6 {[%clk 01:27:26]} {[%emt 00:04:21]} 7. e3 {[%clk 01:31:08]}
{[%emt 00:01:55]} Bd7 {[%clk 01:25:58]} {[%emt 00:01:57]} 8. a3 {[%clk
01:31:03]} {[%emt 00:00:35]} Be7 {[%clk 01:25:59]} {[%emt 00:00:29]} 9. Bd3
{[%clk 01:31:15]} O-O {[%clk 01:25:53]} {[%emt 00:00:55]} 10. O-O {[%clk
01:28:56]} Nh5 {[%clk 01:23:29]} {[%emt 00:05:44]} 11. Ne2 {[%clk 01:23:06]}
Nxf4 {[%clk 01:20:17]} {[%emt 00:10:00]} 12. Nxf4 {[%clk 01:23:22]} Bd6 {[%clk
01:18:56]} {[%emt 00:02:07]} 13. Ne2 {[%clk 01:23:00]} Rc8 {[%clk 01:15:40]}
{[%emt 00:04:36]} 14. Rc1 {[%clk 01:23:04]} a6 {[%clk 01:13:52]} {[%emt
00:02:46]} 15. Nc3 {[%clk 01:22:52]} b5 {[%clk 01:13:24]} {[%emt 00:01:39]} 16.
b4 {[%clk 01:13:22]} h6 {[%clk 01:10:59]} {[%emt 00:12:55]} 17. Qe2 {[%clk
01:05:00]} Qe7 {[%clk 01:05:12]} {[%emt 00:15:09]} 18. Rfd1 {[%clk 00:59:57]}
Rc7 {[%clk 01:03:20]} {[%emt 00:07:56]} 19. Rc2 {[%clk 00:48:55]} Rfc8 {[%clk
01:01:36]} {[%emt 00:13:44]} 20. Rdc1 {[%clk 00:48:45]} Qf6 {[%clk 00:47:30]}
{[%emt 00:15:16]} 21. Bxb5 {[%clk 00:39:54]} Bxh2+ {[%clk 00:44:19]} {[%emt
00:13:03]} 22. Kxh2 {[%clk 00:34:36]} axb5 {[%clk 00:41:28]} {[%emt 00:09:09]}
23. Nxb5 {[%clk 00:33:22]} Qg6 {[%clk 00:37:30]} {[%emt 00:06:09]} 24. Nxc7
{[%clk 00:33:12]} Rxc7 {[%clk 00:37:51]} {[%emt 00:00:52]} 25. b5 {[%clk
00:32:30]} Qh5+ {[%clk 00:37:02]} {[%emt 00:02:31]} 26. Kg1 {[%clk 00:31:42]}
Be8 {[%clk 00:36:39]} {[%emt 00:02:11]} 27. a4 {[%clk 00:31:29]} {[%emt
00:00:44]} Qg6 {[%clk 00:36:43]} {[%emt 00:00:24]} 28. a5 {[%clk 00:31:30]}
{[%emt 00:00:30]} Qf6 {[%clk 00:36:55]} {[%emt 00:00:17]} 29. a6 {[%clk
00:31:32]} {[%emt 00:00:29]} Qd8 {[%clk 00:37:14]} {[%emt 00:00:10]} 30. bxc6
{[%clk 00:31:23]} {[%emt 00:00:40]} Qa8 {[%clk 00:36:48]} {[%emt 00:00:56]} 31.
Qb5 {[%clk 00:31:34]} Qa7 {[%clk 00:36:08]} {[%emt 00:01:26]} 32. Rb1 {[%clk
00:31:24]} {[%emt 00:00:43]} Qa8 {[%clk 00:36:19]} {[%emt 00:00:18]} 33. Qb8
{[%clk 00:31:23]} {[%emt 00:00:31]} Qxb8 {[%clk 00:36:37]} {[%emt 00:00:12]}
34. Rxb8 {[%clk 00:31:41]} {[%emt 00:00:12]} Kf8 {[%clk 00:36:59]} {[%emt
00:00:08]} 35. a7 {[%clk 00:32:04]} {[%emt 00:00:08]} Rxa7 {[%clk 00:37:22]}
{[%emt 00:00:07]} 36. c7 {[%clk 00:32:14]} {[%emt 00:00:20]} Rxc7 {[%clk
00:37:39]} {[%emt 00:00:13]} 37. Rxc7 {[%clk 00:32:37]} {[%emt 00:00:07]} g5
{[%clk 00:38:05]} {[%emt 00:00:05]} 38. Rcc8 {[%clk 00:33:02]} {[%emt
00:00:04]} Kg7 {[%clk 00:38:23]} {[%emt 00:00:12]} 39. Rxe8 {[%clk 00:33:21]}
{[%emt 00:00:11]} f5 {[%clk 00:38:49]} {[%emt 00:00:05]} 40. Rb7+ {[%clk
00:33:37]} {[%emt 00:00:13]} Kg6 {[%clk 00:39:11]} {[%emt 00:00:07]} 41. Ne5+
{[%clk 00:33:45]} {[%emt 00:00:23]} Kh5 {[%clk 00:39:34]} {[%emt 00:00:07]} 42.
Rh8 {[%clk 00:34:06]} {[%emt 00:00:09]} g4 {[%clk 00:39:42]} {[%emt 00:00:23]}
43. Rg7 {[%clk 00:34:24]} {[%emt 00:00:11]} f4 {[%clk 00:39:53]} {[%emt
00:00:19]} 44. Rg6 {[%clk 00:34:39]} {[%emt 00:00:15]} g3 {[%clk 00:39:53]}
{[%emt 00:00:29]} 45. Rhxh6# {[%clk 00:35:01]} {[%emt 00:00:08]} 1-0

[Event "DEM U12w 2025"]
[Site "Willingen GER"]
[Date "2025.06.08"]
[Round "1"]
[White "Tadic, Lena"]
[Black "Tischlinger, Lara"]
[Result "0-1"]
[Termination "normal"]
[Board "16"]
[WhiteElo "1174"]
[BlackElo "1592"]
[WhiteClock "00:46:13"]
[BlackClock "00:09:50"]
[PlyCount "50"]
[WhiteFideId "34687300"]
[BlackFideId "34663401"]
[EventCountry "GER"]
[EventRounds "9"]
[EventType "swiss"]
[EventDate "2025.06.07"]

1. e4 {[%clk 01:30:58]} {[%emt 00:00:01]} c6 {[%clk 01:30:54]} {[%emt
00:00:07]} 2. d4 {[%clk 01:31:23]} {[%emt 00:00:04]} d5 {[%clk 01:31:18]}
{[%emt 00:00:06]} 3. exd5 {[%clk 01:31:48]} {[%emt 00:00:05]} cxd5 {[%clk
01:31:41]} {[%emt 00:00:08]} 4. Bd3 {[%clk 01:32:08]} {[%emt 00:00:10]} Nc6
{[%clk 01:32:03]} {[%emt 00:00:08]} 5. c3 {[%clk 01:32:31]} {[%emt 00:00:06]}
Nf6 {[%clk 01:32:25]} {[%emt 00:00:09]} 6. h3 {[%clk 01:32:54]} {[%emt
00:00:07]} e5 {[%clk 01:32:48]} {[%emt 00:00:06]} 7. dxe5 {[%clk 01:33:14]}
{[%emt 00:00:10]} Nxe5 {[%clk 01:33:10]} {[%emt 00:00:08]} 8. Nf3 {[%clk
01:33:37]} {[%emt 00:00:08]} Nxd3+ {[%clk 01:33:30]} {[%emt 00:00:10]} 9. Qxd3
{[%clk 01:34:01]} {[%emt 00:00:06]} Bd6 {[%clk 01:33:38]} {[%emt 00:00:22]} 10.
O-O {[%clk 01:34:12]} {[%emt 00:00:18]} O-O {[%clk 01:33:09]} {[%emt 00:01:00]}
11. Be3 {[%clk 01:32:56]} {[%emt 00:01:45]} b6 {[%clk 01:25:54]} {[%emt
00:07:46]} 12. Nbd2 {[%clk 01:29:46]} {[%emt 00:03:39]} Bb7 {[%clk 01:19:32]}
{[%emt 00:06:52]} 13. Nd4 {[%clk 01:26:41]} {[%emt 00:03:35]} Ne4 {[%clk
01:06:16]} {[%emt 00:13:46]} 14. Nxe4 {[%clk 01:25:29]} {[%emt 00:01:42]} dxe4
{[%clk 01:03:57]} {[%emt 00:02:50]} 15. Qd2 {[%clk 01:24:12]} {[%emt 00:01:47]}
Qf6 {[%clk 00:56:54]} {[%emt 00:07:32]} 16. Nb5 {[%clk 01:19:15]} {[%emt
00:05:19]} Bb8 {[%clk 00:45:55]} {[%emt 00:11:38]} 17. Bd4 {[%clk 01:03:18]}
{[%emt 00:16:27]} Qg6 {[%clk 00:33:26]} {[%emt 00:12:59]} 18. Qe3 {[%clk
00:56:35]} {[%emt 00:07:09]} f5 {[%clk 00:29:41]} {[%emt 00:04:19]} 19. Kh1
{[%clk 00:51:06]} {[%emt 00:05:57]} f4 {[%clk 00:25:49]} {[%emt 00:04:24]} 20.
Qe2 {[%clk 00:49:25]} {[%emt 00:02:05]} f3 {[%clk 00:13:04]} {[%emt 00:13:21]}
21. Qc4+ {[%clk 00:47:10]} {[%emt 00:02:45]} Kh8 {[%clk 00:11:26]} {[%emt
00:02:07]} 22. g3 {[%clk 00:47:22]} {[%emt 00:00:19]} Qh5 {[%clk 00:09:31]}
{[%emt 00:02:25]} 23. h4 {[%clk 00:46:37]} {[%emt 00:01:15]} Qg4 {[%clk
00:09:32]} {[%emt 00:00:27]} 24. Rfe1 {[%clk 00:45:55]} {[%emt 00:01:09]} Qh3+
{[%clk 00:09:50]} {[%emt 00:00:16]} 25. Kg1 {[%clk 00:46:13]} {[%emt 00:00:12]}
Qg2# {[%emt 00:00:06]} 0-1